| 000 | 00563aam a2200217 4500 | ||
|---|---|---|---|
| 005 | 20160504120716.0 | ||
| 008 | 150722b xxu||||| |||| 00| 0 spa d | ||
| 041 | _aEspañol | ||
| 082 |
_a004.015.1 _bR823m |
||
| 100 |
_aRoos, Kenneth _99039 |
||
| 100 |
_aWright, Charles _99040 |
||
| 245 | _aMatemáticas Discretas | ||
| 250 | _a2 edición | ||
| 260 | _aMéxico | ||
| 260 | _bPrintice-Hall Hispanoamericana | ||
| 260 | _c1990 | ||
| 300 | _a673 páginas | ||
| 650 |
_aMATEMATICA PARA COMPUTACION _98992 |
||
| 650 |
_aMATEMATICA DISCRETA _98993 |
||
| 942 | _cBK | ||
| 999 |
_c270 _d270 |
||